[Event "Thessaloniki op 3rd"]
[Site "Thessaloniki"]
[Date "2023.08.11"]
[Round "8"]
[White "Triantos, Konstantinos"]
[Black "Colijn, Stefan"]
[Result "1/2-1/2"]
[WhiteElo "2176"]
[BlackElo "2251"]
[PlyCount "131"]
[EventDate "2023.08.05"]
[EventType "swiss"]
[EventRounds "9"]
[EventCountry "GRE"]
[SourceTitle "CBM 215 Extra"]
[Source "ChessBase"]
[SourceDate "2023.09.30"]
[SourceVersion "1"]
[SourceVersionDate "2023.09.30"]
[SourceQuality "1"]

1. e4 e6 2. Nf3 d5 3. exd5 exd5 4. d4 Nf6 5. Bg5 Bd6 6. Bb5+ c6 7. Qe2+ Be6 8. Bd3 0-0 9. 0-0 Nbd7 10. Ne5 Qb6 11. c3 Rae8 12. Be3 Ne4 13. Nd2 f5 14. f4 Ndf6 15. Ndf3 Qc7 16. Rae1 a5 17. a4 Bf7 18. Nxf7 Rxf7 19. Ne5 Rfe7 20. c4 Bb4 21. Rc1 dxc4 22. Bxc4+ Kh8 23. Qf3 g6 24. d5 Bd2 25. Rcd1 Bxe3+ 26. Qxe3 cxd5 27. Bxd5 Qc5 28. Qxc5 Nxc5 29. Bc4 Rc8 30. b3 Nfe4 31. Rfe1 Kg7 32. Bd5 Nc3 33. Rd2 Rd8 34. Rc2 N5xa4 35. bxa4 Nxd5 36. Rd2 Kf6 37. Red1 Ke6 38. Nf3 Red7 39. Ng5+ Ke7 40. Re2+ Kf6 41. Re6+ Kg7 42. g3 h6 43. Nf3 Nc7 44. Rxg6+ Kxg6 45. Ne5+ Kg7 46. Rxd7+ Rxd7 47. Nxd7 b5 48. Nc5 bxa4 49. Nxa4 Kf6 50. Kf2 Ke6 51. Kf3 Nd5 52. h3 h5 53. g4 h4 54. Nc5+ Kf6 55. Nd7+ Ke7 56. Nc5 Kf6 57. Nd7+ Kg6 58. Ne5+ Kg7 59. gxf5 a4 60. Nc4 Nf6 61. Ke3 Ng8 62. Kd4 Kf6 63. Ne3 Ne7 64. Kc4 Nxf5 65. Ng2 Ke6 66. Kb4 1/2-1/2

[Event "Thessaloniki op 3rd"]
[Site "Thessaloniki"]
[Date "2023.08.08"]
[Round "5"]
[White "Li, Guohao"]
[Black "Triantos, Konstantinos"]
[Result "1-0"]
[WhiteElo "2042"]
[BlackElo "2176"]
[PlyCount "49"]
[EventDate "2023.08.05"]
[EventType "swiss"]
[EventRounds "9"]
[EventCountry "GRE"]
[SourceTitle "CBM 215 Extra"]
[Source "ChessBase"]
[SourceDate "2023.09.30"]
[SourceVersion "1"]
[SourceVersionDate "2023.09.30"]
[SourceQuality "1"]

1. Nf3 d5 2. c4 Nf6 3. d4 e6 4. Nc3 Bb4 5. Bg5 0-0 6. Qb3 Nc6 7. e3 dxc4 8. Bxc4 h6 9. Bh4 Be7 10. Qc2 Nb4 11. Qe2 b6 12. e4 c5 13. Rd1 Qc7 14. a3 Nc6 15. d5 exd5 16. exd5 Nd4 17. Nxd4 cxd4 18. Rxd4 Bf5 19. 0-0 Rfe8 20. Qf3 Bc5 21. d6 Qc8 22. Rf4 Bg6 23. Bxf6 Bxd6 24. Rg4 Kh7 25. Bxf7 1-0

[Event "GRE-ch U20"]
[Site "Trikala"]
[Date "2022.08.28"]
[Round "5"]
[White "Triantos, Konstantinos"]
[Black "Asvestas, Emmanouil"]
[Result "0-1"]
[WhiteElo "2200"]
[BlackElo "1926"]
[PlyCount "66"]
[EventDate "2022.08.25"]
[EventType "swiss"]
[EventRounds "9"]
[EventCountry "GRE"]
[SourceTitle "CBM 210 Extra"]
[Source "ChessBase"]
[SourceDate "2022.11.30"]
[SourceVersion "1"]
[SourceVersionDate "2022.11.30"]
[SourceQuality "1"]

1. e4 e5 2. Nf3 Nc6 3. Bb5 d6 4. d4 Bd7 5. dxe5 dxe5 6. 0-0 Nf6 7. Nc3 Bd6 8. Bg5 Ne7 9. Re1 a6 10. Bxd7+ Qxd7 11. Qe2 Qe6 12. Rad1 0-0-0 13. a3 h6 14. Bxf6 gxf6 15. Nd5 Rhg8 16. Nxe7+ Bxe7 17. Nh4 Qh3 18. Qe3 Qxh4 19. Qa7 Rxg2+ 20. Kf1 Rg1+ 21. Kxg1 Qg4+ 22. Kf1 Rxd1 23. Qa8+ Kd7 24. Qxb7 Bc5 25. b4 Rxe1+ 26. Kxe1 Qg1+ 27. Kd2 Qxf2+ 28. Kc1 Qe1+ 29. Kb2 Bd4+ 30. Ka2 Qa1+ 31. Kb3 Qc3+ 32. Ka4 Qxc2+ 33. Ka5 Bb6+ 0-1

[Event "GRE-ch U20"]
[Site "Trikala"]
[Date "2022.08.27"]
[Round "4"]
[White "Krallis, Christos"]
[Black "Triantos, Konstantinos"]
[Result "1-0"]
[WhiteElo "2378"]
[BlackElo "2200"]
[PlyCount "89"]
[EventDate "2022.08.25"]
[EventType "swiss"]
[EventRounds "9"]
[EventCountry "GRE"]
[SourceTitle "CBM 210 Extra"]
[Source "ChessBase"]
[SourceDate "2022.11.30"]
[SourceVersion "1"]
[SourceVersionDate "2022.11.30"]
[SourceQuality "1"]

1. d4 Nf6 2. c4 e6 3. Nf3 Bb4+ 4. Bd2 Qe7 5. g3 Nc6 6. Nc3 0-0 7. Bg2 Na5 8. b3 b6 9. 0-0 Bb7 10. Qc2 d5 11. cxd5 exd5 12. Nh4 g6 13. Bg5 Rfd8 14. a3 Bxc3 15. Qxc3 Ne4 16. Bxe4 Qxg5 17. Bg2 c5 18. dxc5 d4 19. Qd3 Bxg2 20. Nxg2 Rac8 21. b4 Nc6 22. cxb6 axb6 23. f4 Qd5 24. Rac1 Ne7 25. Nh4 f5 26. Nf3 Qe4 27. Rxc8 Rxc8 28. Qxe4 fxe4 29. Nxd4 Rc3 30. Nb5 Rc2 31. Kf2 Nd5 32. Rd1 Nc3 33. Nxc3 Rxc3 34. Rd6 Rxa3 35. Rxb6 Rb3 36. Rb7 h6 37. b5 g5 38. fxg5 hxg5 39. h3 Kf8 40. b6 Ke8 41. Rg7 Rxb6 42. Rxg5 Kf7 43. Re5 Rb4 44. Ke3 Rb3+ 45. Kxe4 1-0

[Event "GRE-ch U20"]
[Site "Trikala"]
[Date "2022.08.25"]
[Round "1"]
[White "Triantos, Konstantinos"]
[Black "Koutras, Konstantinos"]
[Result "1-0"]
[WhiteElo "2200"]
[BlackElo "1614"]
[PlyCount "85"]
[EventDate "2022.08.25"]
[EventType "swiss"]
[EventRounds "9"]
[EventCountry "GRE"]
[SourceTitle "CBM 210 Extra"]
[Source "ChessBase"]
[SourceDate "2022.11.30"]
[SourceVersion "1"]
[SourceVersionDate "2022.11.30"]
[SourceQuality "1"]

1. e4 c5 2. Nf3 Nc6 3. d4 cxd4 4. Nxd4 e5 5. Nb5 d6 6. N1c3 a6 7. Na3 Be7 8. Nd5 Nf6 9. Nxf6+ Bxf6 10. Nc4 0-0 11. Be3 Be6 12. Qxd6 Qe8 13. Qd2 Rd8 14. Qc1 b5 15. Nd2 Rc8 16. Be2 Nd4 17. Bxd4 exd4 18. Bd3 Bg5 19. 0-0 Bc4 20. Qd1 Bxd3 21. cxd3 Bxd2 22. Qxd2 Qe6 23. Qb4 Rfd8 24. a4 bxa4 25. Qxa4 Rb8 26. b4 Qb6 27. Rfb1 Rd6 28. Rc1 h6 29. Rc4 Rg6 30. Qd7 Rd8 31. Qe7 Rg5 32. Rxa6 Qxa6 33. Qxd8+ Kh7 34. Qxd4 Qa2 35. g3 Qb1+ 36. Kg2 h5 37. Rc5 f6 38. Rxg5 fxg5 39. Qe3 h4 40. Qxg5 h3+ 41. Kxh3 Qf1+ 42. Kh4 Qxd3 43. Qh5+ 1-0

[Event "Kavala op 31st"]
[Site "Kavala"]
[Date "2022.07.30"]
[Round "6"]
[White "Triantos, Konstantinos"]
[Black "Koutlas, Nikolaos"]
[Result "0-1"]
[WhiteElo "2210"]
[BlackElo "2314"]
[PlyCount "82"]
[EventDate "2022.07.26"]
[EventType "swiss"]
[EventRounds "9"]
[EventCountry "GRE"]
[SourceTitle "CBM 209 Extra"]
[Source "ChessBase"]
[SourceDate "2022.09.30"]
[SourceVersion "1"]
[SourceVersionDate "2022.09.30"]
[SourceQuality "1"]

1. e4 c5 2. Be2 Nc6 3. f4 d5 4. d3 Nf6 5. e5 Ng8 6. Nf3 g6 7. 0-0 Nh6 8. Be3 d4 9. Bf2 Bg7 10. Nbd2 0-0 11. Ne4 b6 12. c3 Ng4 13. b4 Nxf2 14. Rxf2 cxb4 15. cxb4 Nxb4 16. Qa4 Nd5 17. Nxd4 Nxf4 18. Rxf4 Bxe5 19. Nc6 Bd7 20. Rff1 Qe8 21. Rac1 Rc8 22. d4 Rxc6 23. Bb5 Rxc1 24. Bxd7 Bxh2+ 25. Kxh2 Qb8+ 26. Kg1 Qf4 27. Rxc1 Qxc1+ 28. Kh2 Qf4+ 29. Ng3 Rd8 30. d5 Qxa4 31. Bxa4 Rxd5 32. Bb3 Re5 33. Kg1 a5 34. Kf2 b5 35. Ne2 a4 36. Bc2 Rc5 37. Bd3 b4 38. Ke3 a3 39. Nd4 e5 40. Nc2 b3 41. axb3 Rxc2 0-1

[Event "Paracin op-A 15th"]
[Site "Paracin"]
[Date "2022.07.12"]
[Round "5"]
[White "Tenuunbold, Battulga"]
[Black "Triantos, Konstantinos"]
[Result "0-1"]
[WhiteElo "1893"]
[BlackElo "2210"]
[PlyCount "118"]
[EventDate "2022.07.08"]
[EventType "swiss"]
[EventRounds "9"]
[EventCountry "SRB"]
[SourceTitle "CBM 209 Extra"]
[Source "ChessBase"]
[SourceDate "2022.09.30"]
[SourceVersion "1"]
[SourceVersionDate "2022.09.30"]
[SourceQuality "1"]

1. d4 Nf6 2. c4 e6 3. g3 d5 4. Nf3 Be7 5. Bg2 0-0 6. 0-0 c6 7. Qc2 b6 8. b3 Bb7 9. Nc3 Ba6 10. Bb2 Nbd7 11. Rfd1 b5 12. Ne5 Qc7 13. Rac1 Rac8 14. f4 bxc4 15. bxc4 Nxe5 16. fxe5 Ng4 17. cxd5 cxd5 18. Qd2 Qb6 19. Rb1 Qd8 20. Qf4 h5 21. Qf3 Bg5 22. Bc1 Bxc1 23. Rbxc1 Qg5 24. Bh3 Rc7 25. Rb1 Ne3 26. Rdc1 Rfc8 27. Rb3 Nc4 28. Qf4 Qxf4 29. gxf4 Nd2 30. Ra3 Rc6 31. Bg2 Bxe2 32. Nxe2 Rxc1+ 33. Nxc1 Rxc1+ 34. Kf2 Rc2 35. Kg3 Nc4 36. Rxa7 Ne3 37. Bh3 Rc3 38. Kh4 Nc2 39. f5 Nxd4 40. fxe6 fxe6 41. Bf1 Nf3+ 42. Kxh5 Nxe5 43. Re7 Rf3 44. Rxe6 Rf5+ 45. Kh4 Kf7 46. Rd6 Rxf1 47. Rxd5 Ke6 48. Ra5 Rf3 49. Ra8 Rf4+ 50. Kg3 Rf3+ 51. Kg2 Rc3 52. a4 Kf5 53. Rb8 Ra3 54. Rf8+ Kg4 55. Rf2 Rxa4 56. Rc2 Ng6 57. Rc3 Nf4+ 58. Kf1 Ra1+ 59. Kf2 Ra2+ 0-1

[Event "Paracin op-A 15th"]
[Site "Paracin"]
[Date "2022.07.08"]
[Round "1"]
[White "Tamhankar, Siddhant"]
[Black "Triantos, Konstantinos"]
[Result "0-1"]
[WhiteElo "1811"]
[BlackElo "2210"]
[PlyCount "76"]
[EventDate "2022.07.08"]
[EventType "swiss"]
[EventRounds "9"]
[EventCountry "SRB"]
[SourceTitle "EXT 2023"]
[Source "ChessBase"]
[SourceDate "2022.10.05"]
[SourceVersion "1"]
[SourceVersionDate "2022.10.05"]
[SourceQuality "1"]

1. e4 c5 2. Nf3 d6 3. Bb5+ Bd7 4. Bxd7+ Qxd7 5. 0-0 Nf6 6. Qe2 Nc6 7. Rd1 Rc8 8. Na3 e6 9. d4 cxd4 10. Nxd4 Be7 11. Bg5 0-0 12. c4 Nxd4 13. Rxd4 Qc6 14. Rad1 Rfd8 15. Nb5 Qc5 16. Be3 Qb4 17. Nxa7 Ra8 18. c5 Qxc5 19. Ra4 Qe5 20. f4 Qh5 21. Qxh5 Nxh5 22. Bb6 Rd7 23. e5 g6 24. g4 Ng7 25. exd6 Rxd6 26. Rxd6 Bxd6 27. Rd4 Ne8 28. Nb5 Be7 29. Rd7 Kf8 30. Nc3 Nf6 31. Rxb7 Nxg4 32. a4 Bd6 33. h3 Nf6 34. Bd4 Nd5 35. Nxd5 exd5 36. Ra7 Rb8 37. a5 Rb4 38. Bf6 Bc5+ 0-1

[Event "FIDE World Uni Rapid-E 1st"]
[Site "Tornelo INT"]
[Date "2021.03.21"]
[Round "9"]
[White "Andria, LD Souza"]
[Black "Triantos, Konstantinos"]
[Result "0-1"]
[WhiteElo "1786"]
[BlackElo "2210"]
[PlyCount "60"]
[EventDate "2021.03.20"]
[EventType "swiss (rapid)"]
[EventRounds "12"]
[EventCountry "NET"]
[SourceTitle "EXT 2022"]
[Source "ChessBase"]
[SourceDate "2021.10.06"]
[SourceVersion "1"]
[SourceVersionDate "2021.10.06"]
[SourceQuality "1"]

1. e4 c5 2. Nf3 d6 3. d4 cxd4 4. Nxd4 Nf6 5. Nc3 Nc6 6. Bc4 e6 7. Be3 Be7 8. f3 a6 9. g4 Qc7 10. Bb3 Na5 11. g5 Nxb3 12. Nxb3 Nd7 13. f4 Nc5 14. Nxc5 dxc5 15. Qh5 b5 16. Rg1 b4 17. Ne2 Bb7 18. g6 fxg6 19. Rxg6 hxg6 20. Qxh8+ Kf7 21. Qh7 Bxe4 22. 0-0-0 Rd8 23. Rg1 Qd7 24. Ng3 Bf3 25. c3 bxc3 26. Nf5 cxb2+ 27. Kxb2 Qb5+ 28. Kc1 Qc4+ 29. Kb2 Rb8+ 30. Ka1 Qc3# 0-1

[Event "FIDE World Uni Rapid-E 1st"]
[Site "Tornelo INT"]
[Date "2021.03.21"]
[Round "7"]
[White "Anipchenko, Polina"]
[Black "Triantos, Konstantinos"]
[Result "0-1"]
[WhiteElo "1619"]
[BlackElo "2210"]
[PlyCount "40"]
[EventDate "2021.03.20"]
[EventType "swiss (rapid)"]
[EventRounds "12"]
[EventCountry "NET"]
[SourceTitle "EXT 2022"]
[Source "ChessBase"]
[SourceDate "2021.10.06"]
[SourceVersion "1"]
[SourceVersionDate "2021.10.06"]
[SourceQuality "1"]

1. d4 Nf6 2. c4 e6 3. Nc3 Bb4 4. a3 Bxc3+ 5. bxc3 0-0 6. Nf3 d6 7. e3 Qe7 8. Bd3 e5 9. Bc2 Bg4 10. h3 Bh5 11. g4 Bg6 12. Bxg6 fxg6 13. d5 Ne4 14. 0-0 Nxc3 15. Qc2 Rxf3 16. Kg2 e4 17. Qxc3 Qh4 18. Bb2 Qxh3+ 19. Kg1 Qxg4+ 20. Kh2 Rh3# 0-1

[Event "FIDE World Uni Rapid-E 1st"]
[Site "Tornelo INT"]
[Date "2021.03.21"]
[Round "10"]
[White "Tretiakov, Dmitriy"]
[Black "Triantos, Konstantinos"]
[Result "1-0"]
[WhiteElo "1997"]
[BlackElo "2210"]
[PlyCount "93"]
[EventDate "2021.03.20"]
[EventType "swiss (rapid)"]
[EventRounds "12"]
[EventCountry "NET"]
[SourceTitle "EXT 2022"]
[Source "ChessBase"]
[SourceDate "2021.10.06"]
[SourceVersion "1"]
[SourceVersionDate "2021.10.06"]
[SourceQuality "1"]

1. Nf3 Nf6 2. c4 e6 3. Nc3 d5 4. cxd5 exd5 5. d4 Bd6 6. Bg5 c6 7. Qc2 h6 8. Bh4 Bg4 9. e3 Nbd7 10. Bd3 Qe7 11. 0-0-0 g5 12. Bg3 Bxg3 13. hxg3 0-0-0 14. Kb1 Kb8 15. Rc1 Rc8 16. Na4 Qb4 17. a3 Qa5 18. b4 Qc7 19. Qb3 Qd6 20. Nc5 Nxc5 21. bxc5 Qc7 22. Ne5 Be6 23. Rc3 Nd7 24. Nf3 Nf6 25. Qa4 Ng4 26. Rc2 Qd7 27. Ka1 Bf5 28. Rd1 Rhe8 29. Rb2 Rc7 30. Bf1 Be4 31. Ne1 Bg6 32. Nf3 Re7 33. Qb4 Be4 34. a4 Ka8 35. a5 Qc8 36. Ne1 a6 37. Rc1 Bg6 38. Rc3 f5 39. Rcb3 f4 40. exf4 Qe8 41. Nf3 gxf4 42. gxf4 Re4 43. Ne5 Rxf4 44. Bxa6 bxa6 45. Qb8+ Qxb8 46. Rxb8+ Ka7 47. Nxc6+ 1-0

[Event "FIDE World Uni Rapid-E 1st"]
[Site "Tornelo INT"]
[Date "2021.03.21"]
[Round "11"]
[White "Triantos, Konstantinos"]
[Black "Nekrasov, Ruslan"]
[Result "1-0"]
[WhiteElo "2210"]
[BlackElo "1745"]
[PlyCount "127"]
[EventDate "2021.03.20"]
[EventType "swiss (rapid)"]
[EventRounds "12"]
[EventCountry "NET"]
[SourceTitle "EXT 2022"]
[Source "ChessBase"]
[SourceDate "2021.10.06"]
[SourceVersion "1"]
[SourceVersionDate "2021.10.06"]
[SourceQuality "1"]

1. e4 c6 2. d4 d5 3. exd5 cxd5 4. Bd3 Nc6 5. c3 Qc7 6. Ne2 e6 7. Bf4 Bd6 8. Qd2 Nf6 9. Bxd6 Qxd6 10. Qf4 Qxf4 11. Nxf4 Bd7 12. Nd2 0-0 13. 0-0 e5 14. dxe5 Nxe5 15. Be2 Ng6 16. Nxg6 hxg6 17. Bf3 Bc6 18. Nb3 Ne4 19. Rad1 Rad8 20. Nd4 Rc8 21. Rfe1 Rfe8 22. Nxc6 bxc6 23. Bxe4 Rxe4 24. Rxe4 dxe4 25. Rd7 a5 26. Kf1 c5 27. Ke2 Rb8 28. Rd2 f5 29. Ke3 Kf7 30. Kf4 Rb6 31. Ke5 Ke7 32. b3 Re6+ 33. Kf4 Kf6 34. h4 e3 35. fxe3 Re4+ 36. Kf3 Rxh4 37. Rd6+ Kg5 38. Rd5 c4 39. Rxa5 cxb3 40. axb3 Kf6 41. Ra6+ Kf7 42. Ra2 Rh8 43. b4 Rc8 44. Ra3 Ke6 45. Ke2 Kd5 46. Kd3 Rc7 47. Ra6 g5 48. c4+ Ke5 49. c5 Rb7 50. Rb6 Rxb6 51. cxb6 Kd6 52. Kd4 f4 53. exf4 gxf4 54. Ke4 Kc6 55. Kxf4 Kxb6 56. Kg5 Kb5 57. Kg6 Kxb4 58. Kxg7 Kc5 59. g4 Kd6 60. g5 Ke7 61. g6 Ke8 62. Kh7 Kf8 63. g7+ Kf7 64. g8Q+ 1-0

[Event "FIDE World Uni Rapid-E 1st"]
[Site "Tornelo INT"]
[Date "2021.03.20"]
[Round "4"]
[White "Triantos, Konstantinos"]
[Black "Bok, Benjamin"]
[Result "0-1"]
[WhiteElo "2210"]
[BlackElo "2624"]
[PlyCount "111"]
[EventDate "2021.03.20"]
[EventType "swiss (rapid)"]
[EventRounds "12"]
[EventCountry "NET"]
[SourceTitle "EXT 2022"]
[Source "ChessBase"]
[SourceDate "2021.10.06"]
[SourceVersion "1"]
[SourceVersionDate "2021.10.06"]
[SourceQuality "1"]

1. e4 c5 2. Nf3 d6 3. Bb5+ Nd7 4. c3 Ngf6 5. Qe2 a6 6. Ba4 b5 7. Bc2 Bb7 8. 0-0 e6 9. d4 Be7 10. a4 0-0 11. Bg5 h6 12. Bh4 Re8 13. Nbd2 Qc7 14. axb5 axb5 15. Qxb5 cxd4 16. Nxd4 Ne5 17. Qe2 Qb6 18. b4 Nxe4 19. Bxe4 Bxh4 20. Bxb7 Qxb7 21. Qe4 Qxe4 22. Nxe4 Be7 23. f4 Nc4 24. Nc6 Bf8 25. Nd4 Rec8 26. b5 d5 27. Ng3 Bc5 28. Kh1 Rxa1 29. Rxa1 Bxd4 30. cxd4 Rb8 31. Rb1 Na3 32. Rb3 Rxb5 33. Rxb5 Nxb5 34. Ne2 g5 35. g3 Kg7 36. Kg2 gxf4 37. gxf4 Kg6 38. Kf3 h5 39. Ke3 Kf5 40. h3 h4 41. Ng1 Na3 42. Kf3 Nc2 43. Ne2 f6 44. Kf2 Ke4 45. f5 Kxf5 46. Kf3 e5 47. dxe5 fxe5 48. Ng1 e4+ 49. Kf2 d4 50. Ne2 d3 51. Nc3 Ke5 52. Nd1 Kf4 53. Nc3 e3+ 54. Kg2 e2 55. Kf2 e1Q+ 56. Kg2 0-1

[Event "Balkan-ch U18"]
[Site "Tornelo INT"]
[Date "2020.10.31"]
[Round "4"]
[White "Eftovski, Mateo"]
[Black "Triantos, Konstantinos"]
[Result "1-0"]
[WhiteElo "1630"]
[BlackElo "1745"]
[PlyCount "66"]
[EventDate "2020.10.31"]
[EventType "swiss"]
[EventRounds "7"]
[EventCountry "NET"]
[SourceTitle "EXT 2023"]
[Source "ChessBase"]
[SourceDate "2022.10.05"]
[SourceVersion "1"]
[SourceVersionDate "2022.10.05"]
[SourceQuality "1"]

1. d4 Nf6 2. c4 e6 3. Nc3 Bb4 4. Nf3 0-0 5. Qc2 d5 6. Bg5 Be7 7. e3 Re8 8. Bd3 h6 9. Bh4 Nc6 10. a3 dxc4 11. Bxc4 Nd5 12. Bg3 Nxc3 13. Qxc3 Bd6 14. 0-0 Qf6 15. Be5 Bxe5 16. dxe5 Qe7 17. Bd3 Bd7 18. Rac1 Rac8 19. Bb1 Nb8 20. Qc2 g6 21. Nd2 Bc6 22. Ne4 Bxe4 23. Qxe4 Nc6 24. h4 h5 25. Bd3 Nd8 26. Rfd1 c6 27. g3 Rc7 28. Be2 Rd7 29. Rxd7 Qxd7 30. Rd1 Qc7 31. g4 hxg4 32. h5 gxh5 33. Bd3 f5 1-0

[Event "Balkan-ch U18"]
[Site "Tornelo INT"]
[Date "2020.10.31"]
[Round "2"]
[White "Iustin, Silviu"]
[Black "Triantos, Konstantinos"]
[Result "0-1"]
[WhiteElo "1920"]
[BlackElo "1745"]
[PlyCount "60"]
[EventDate "2020.10.31"]
[EventType "swiss"]
[EventRounds "7"]
[EventCountry "NET"]
[SourceTitle "EXT 2023"]
[Source "ChessBase"]
[SourceDate "2022.10.05"]
[SourceVersion "1"]
[SourceVersionDate "2022.10.05"]
[SourceQuality "1"]

1. e4 c5 2. Nc3 d6 3. Bb5+ Bd7 4. Bxd7+ Qxd7 5. f4 Nc6 6. Nf3 g6 7. 0-0 Bg7 8. d3 Nh6 9. Qe1 f5 10. h3 0-0 11. Be3 b6 12. Rd1 e6 13. Qh4 Rae8 14. g4 Qd8 15. g5 Nf7 16. d4 cxd4 17. Nxd4 Nxd4 18. Bxd4 e5 19. fxe5 Nxg5 20. Qg3 fxe4 21. Qg4 Nf3+ 22. Rxf3 exf3 23. e6 Bxd4+ 24. Rxd4 Qf6 25. Rxd6 f2+ 26. Kf1 Qe5 27. Rd1 Rxe6 28. Ne2 Rfe8 29. Rd2 Qe3 30. Qf4 Qxh3+ 0-1

[Event "Balkan-ch U18"]
[Site "Tornelo INT"]
[Date "2020.10.31"]
[Round "3"]
[White "Triantos, Konstantinos"]
[Black "Vogli, Erion"]
[Result "0-1"]
[WhiteElo "1745"]
[BlackElo "1489"]
[PlyCount "68"]
[EventDate "2020.10.31"]
[EventType "swiss"]
[EventRounds "7"]
[EventCountry "NET"]
[SourceTitle "EXT 2023"]
[Source "ChessBase"]
[SourceDate "2022.10.05"]
[SourceVersion "1"]
[SourceVersionDate "2022.10.05"]
[SourceQuality "1"]

1. e4 c5 2. Nf3 Nc6 3. d4 cxd4 4. Nxd4 e6 5. Nxc6 bxc6 6. Bd3 d5 7. 0-0 Nf6 8. exd5 cxd5 9. Nd2 Bd6 10. Nf3 0-0 11. Bg5 e5 12. Be2 Bb7 13. c3 h6 14. Bh4 g5 15. Bg3 Qe7 16. Qb3 Rab8 17. Rfe1 Ne4 18. Qc2 f5 19. h3 Nxg3 20. fxg3 e4 21. Nd4 Bxg3 22. Rf1 f4 23. Bg4 Bc8 24. Kh1 Bxg4 25. hxg4 h5 26. Qd1 hxg4 27. Qxg4 Qh7+ 28. Qh3 Qxh3+ 29. gxh3 Rxb2 30. Ne6 Rf6 31. Nxg5 Rg6 32. h4 Rh2+ 33. Kg1 Rxh4 34. Nf3 Be1+ 0-1

[Event "Anogia op 8th"]
[Site "Anogia"]
[Date "2019.08.25"]
[Round "9"]
[White "Kouskoutis, Georgios Alexandros"]
[Black "Triantos, Konstantinos"]
[Result "1-0"]
[WhiteElo "2273"]
[BlackElo "2095"]
[PlyCount "85"]
[EventDate "2019.08.18"]
[EventType "swiss"]
[EventRounds "9"]
[EventCountry "GRE"]
[SourceTitle "EXT 2020"]
[Source "ChessBase"]
[SourceDate "2019.10.17"]
[SourceVersion "1"]
[SourceVersionDate "2019.10.17"]
[SourceQuality "1"]

1. d3 e5 2. g3 h5 3. Nf3 Nc6 4. Bg2 Bc5 5. c3 d5 6. d4 exd4 7. cxd4 Be7 8. h4 Bg4 9. Nc3 Qd7 10. Bf4 f6 11. Rc1 a6 12. Qb3 Bb4 13. 0-0 Nge7 14. Rfd1 0-0 15. Na4 b5 16. Nc5 Bxc5 17. Rxc5 Ra7 18. Qc3 Rc8 19. Rc1 b4 20. Qd2 Nd8 21. Qxb4 Ne6 22. R5c2 Nxf4 23. gxf4 Ng6 24. Qc5 c6 25. e3 Rac7 26. Kh2 Bxf3 27. Bxf3 Nxh4 28. Bh1 Nf5 29. Qa5 Ne7 30. Qxa6 g5 31. Qe2 Ng6 32. fxg5 fxg5 33. Qxh5 Qf5 34. Qf3 Qe6 35. Kg1 Rh7 36. Qg3 Nh4 37. Rc5 Rd7 38. Kf1 Nf5 39. Qe5 Qh6 40. Qxf5 Qxh1+ 41. Ke2 Qh5+ 42. Kd2 Rdc7 43. Rg1 1-0

[Event "EU-ch U18"]
[Site "Bratislava"]
[Date "2019.08.10"]
[Round "9"]
[White "Martinez Fernandez, Adrian"]
[Black "Triantos, Konstantinos"]
[Result "1-0"]
[WhiteElo "2317"]
[BlackElo "2095"]
[PlyCount "208"]
[EventDate "2019.08.02"]
[EventType "swiss"]
[EventRounds "9"]
[EventCountry "SVK"]
[SourceTitle "CBM 191 Extra"]
[Source "ChessBase"]
[SourceDate "2019.09.30"]
[SourceVersion "1"]
[SourceVersionDate "2019.09.30"]
[SourceQuality "1"]

1. e4 e5 2. Bc4 Nf6 3. d3 Nc6 4. Nc3 d6 5. f4 exf4 6. Bxf4 Be7 7. Nf3 Be6 8. Bb3 Qd7 9. 0-0 0-0 10. d4 Bxb3 11. axb3 Rfe8 12. Re1 a6 13. Qd2 Rad8 14. Rad1 h6 15. d5 Nb8 16. Nd4 Qg4 17. Nf5 Bf8 18. h3 Qg6 19. Re3 Nxe4 20. Nxh6+ Qxh6 21. Rxe4 Qg6 22. Rde1 Rxe4 23. Rxe4 Nd7 24. b4 c6 25. Re1 Rc8 26. dxc6 bxc6 27. Ne2 Re8 28. Rd1 Nf6 29. Nd4 Qe4 30. Nf3 Qf5 31. c3 Nd5 32. Bg3 Ne3 33. Qd3 g6 34. Qxf5 Nxf5 35. Bf4 Re4 36. Bg5 Re2 37. Rd2 Rxd2 38. Nxd2 Kg7 39. g4 Ne7 40. Bxe7 Bxe7 41. Kf2 Kf6 42. Ke3 Ke5 43. Nf3+ Kd5 44. Kd3 g5 45. Nd4 c5 46. c4+ Ke5 47. Nc6+ Ke6 48. Ke4 Bf6 49. b3 cxb4 50. Nxb4 a5 51. Nc6 Bc3 52. Nd4+ Kd7 53. Nf3 f6 54. Kd5 Bb4 55. Nd4 Bc5 56. Nf5 Bb4 57. Ng3 Bc3 58. Nf5 Bb4 59. h4 gxh4 60. Nxh4 Bc3 61. Nf5 Bb4 62. Ng3 Ke7 63. Ne4 Ba3 64. Nc3 Bb4 65. Nb5 Kd7 66. Nd4 Bc5 67. Nf5 Bb4 68. Ke4 Bc3 69. Kd5 Bb4 70. Ng7 Bc3 71. Ne6 Bb4 72. Nf4 Bc3 73. Nd3 Bd2 74. Ke4 Bc3 75. Kf5 Ke7 76. Nf4 Kf7 77. Ne2 Be5 78. Nc1 Bb2 79. Nd3 Bc3 80. Nf2 Bd4 81. Nd3 Bc3 82. Nf4 Be5 83. Ne6 Bc3 84. Nc7 Bb2 85. Ke4 Ke7 86. Nd5+ Ke6 87. Nf4+ Ke7 88. Kf5 Kf7 89. Nd5 Bd4 90. Nc7 Bb6 91. Nb5 Bc5 92. Ke4 Ke6 93. Nc7+ Kd7 94. Nd5 Ke6 95. Nf4+ Ke7 96. Kd5 Kd7 97. Nd3 Ba3 98. Kd4 Ke6 99. Ke4 Ke7 100. Kf4 Ke6 101. Kg3 Bb4 102. Nxb4 axb4 103. Kf4 d5 104. cxd5+ Kxd5 1-0

[Event "EU-ch U18"]
[Site "Bratislava"]
[Date "2019.08.05"]
[Round "4"]
[White "Triantos, Konstantinos"]
[Black "Galiana Fernandez, Adrian"]
[Result "0-1"]
[WhiteElo "2095"]
[BlackElo "2295"]
[PlyCount "78"]
[EventDate "2019.08.02"]
[EventType "swiss"]
[EventRounds "9"]
[EventCountry "SVK"]
[SourceTitle "CBM 191 Extra"]
[Source "ChessBase"]
[SourceDate "2019.09.30"]
[SourceVersion "1"]
[SourceVersionDate "2019.09.30"]
[SourceQuality "1"]

1. e4 e5 2. Nf3 Nc6 3. d4 exd4 4. Nxd4 Nf6 5. Nxc6 bxc6 6. e5 Qe7 7. Qe2 Nd5 8. h4 a5 9. c4 Ba6 10. Qe4 Nb4 11. Nc3 Qe6 12. Kd1 0-0-0 13. Bd2 d5 14. cxd5 cxd5 15. Bxa6+ Qxa6 16. Qe2 Qg6 17. a3 Nd3 18. Bg5 Bc5 19. Rf1 f6 20. b4 axb4 21. axb4 Bxb4 22. Bd2 fxe5 23. h5 Qf5 24. g4 Nb2+ 25. Ke1 Qd3 26. Qxd3 Nxd3+ 27. Ke2 Bxc3 28. Bxc3 Nf4+ 29. Kd2 d4 30. Ba5 Kd7 31. Rac1 Ne6 32. Kd3 Ra8 33. Bb4 Rhb8 34. Rb1 c5 35. Bd2 Kd6 36. Ke4 c4 37. Bb4+ Nc5+ 38. Kf5 Kd5 39. Bxc5 Kxc5 0-1